| 000 | 00674nam a2200193 a 4500 | ||
|---|---|---|---|
| 001 | 000016083 | ||
| 005 | 20200929164251.0 | ||
| 008 | 100225s199? dr ad 000 0 spa d | ||
| 040 |
_aDO-SdBNP _bspa _cBNPHU |
||
| 082 |
_axxxx _bS218d |
||
| 100 | 1 |
_aSandoval y González, Héctor Ant. _936065 |
|
| 245 | 1 | 0 |
_aDibujo / _cHéctor Ant. Sandoval y González, José Dolores Lara Precinal. |
| 260 |
_aSanto Domingo : _bEdipeca, _c199? |
||
| 300 |
_a165 p. : _bil., diagr. ; _c21 cm. |
||
| 500 | _aA corde con el programa para el 1er año de bachillerato tradicional | ||
| 504 | _aIncluye bibliografías (p. 165) | ||
| 700 |
_aLara Precinal, José Dolores _936066 |
||
| 049 | _aBNPD | ||
| 999 |
_c15624 _d15624 |
||